La reforma educativa según el Episcopado Mexicano /
Sábháilte in:
| Údar corparáideach: | |
|---|---|
| Formáid: | LEABHAR |
| Teanga: | Spáinnis |
| Foilsithe / Cruthaithe: |
México :
Librería Parroquial de Clavería,
1972, c1972
|
| Clibeanna: |
Níl clibeanna ann, Bí ar an gcéad duine le clib a chur leis an taifead seo!
|
MARC
| LEADER | 00000nam^a2200000^a^4500 | ||
|---|---|---|---|
| 001 | 000450750 | ||
| 005 | 20250526000000.0 | ||
| 009 | 20260310123756.265 | ||
| 037 | |a Acervo Xavier Clavigero | ||
| 041 | |a ESP | ||
| 091 | |a FCA. 03484 | ||
| 110 | |a Iglesia Católica en México. |b Conferencia del Episcopado Mexicano | ||
| 245 | 1 | 3 | |a La reforma educativa según el Episcopado Mexicano / |
| 264 | 4 | |a México : |b Librería Parroquial de Clavería, |c 1972, c1972 | |
| 300 | |a 47 p. ; |c 21.0 cm. | ||
| 336 | |a texto |b txt |2 rdacontenido | ||
| 337 | |a sin mediación |b n |2 rdamedio | ||
| 338 | |a volumen |b nc |2 rdasoporte | ||
| 649 | |a XX | ||
| 910 | |a Fondo Xavier Cacho Vázquez S.J. | ||
| 920 | |a Impresos - Libros | ||
| 930 | |a Libros Antiguos y Raros | ||
| 905 | |a 108 | ||
| 901 | |a 0500379366 |b IT2 |c LRA |i D |u 20250526 | ||
| 902 | |a https://opac.biblio.iteso.mx/vufind/Record/000450750 | ||